000 00875fam a22002894a 4500
005 20260322212053.0
008 data
010 _a 96077804
020 _a0070696004 (pbk.)
020 _a0070695997 (LL)
020 _a9780070695993 (LL)
020 _a9780070696006 (pbk.)
040 _aDLC
_cDLC
_dDLC
042 _apcc
050 0 0 _aHF5549.5.G73
_bW468 1997
092 _a658.4 W52 1997
100 1 _aWest, Edie.
245 1 0 _a201 icebreakers :
_bgroup mixers, warm-ups, energizers, and playful activities /
_cEdie West.
246 3 _aTwo hundred one icebreakers
246 3 _aTwo hundred and one icebreakers
260 _aNew York :
_bMcGraw-Hill,
_cc1997.
300 _axxvii, 424 p. :
_bill. ;
_c28 cm.
500 _a"Great for trainers, speakers, and group facilitators"--Cover.
650 0 _aGroup relations training.
650 0 _aMeetings.
001 data
999 _c1257
_d1257